[Event "Women's World Rapid Championship 2012"]
[Site "Batumi GEO"]
[Date "2012.05.31"]
[Round "2.8"]
[White "Wang, Jue"]
[Black "Danielian, Elina"]
[Result "1-0"]
[BlackTitle "GM"]
[WhiteElo "2364"]
[BlackElo "2484"]
[WhiteFideId "8604070"]
[BlackFideId "13300210"]
[EventDate "2012.05.31"]

1. e4 c6 2. Ne2 d5 3. e5 c5 4. d4 Nc6 5. c3 cxd4 6. cxd4 Bf5 7. Nbc3 e6 8. Ng3
Bg6 9. Be3 Bb4 10. a3 Bxc3+ 11. bxc3 Nge7 12. h4 h6 13. h5 Bh7 14. Qg4 Rg8 15.
Be2 Qa5 16. Bd2 Qa4 17. O-O Na5 18. c4 Nxc4 19. Bb4 Qd7 20. a4 Nc6 21. Bxc4 dxc4
22. Bd6 Bd3 23. Rfd1 f5 24. Qf3 Nxd4 25. Qf4 Nc6 26. Ra3 Kf7 27. Nf1 Qd8 28.
Raxd3 cxd3 29. Rxd3 Qg5 30. Qc4 Rgd8 31. Rb3 Rd7 32. Rxb7 Rxb7 33. Qxc6 Qd8 34.
Qxb7+ Kg8 35. Bc7 Qe8 36. a5 a6 37. Bd6 Kh7 38. Ne3 Rc8 39. Qxa6 Rc1+ 40. Nf1
Qxh5 41. Qd3 Ra1 42. a6 Qg5 43. Ba3 Qg4 44. a7 Qa4 45. Bc5 Qc6 46. Be3 Qb7 47.
Qc4 Qd7 48. Qd4 Qa4 49. Qxa4 Rxa4 50. Nd2 f4 51. Bc5 Kg6 52. Nc4 Kf5 53. f3 g5
54. Bd4 h5 55. Nd6+ Kg6 56. Nb5 g4 57. Nc7 Rxd4 58. a8=Q g3 59. Qg8+ 1-0

[Event "Women's World Rapid Championship 2012"]
[Site "Batumi GEO"]
[Date "2012.05.31"]
[Round "2.10"]
[White "Muzychuk, Anna"]
[Black "Bezgodova, Svetlana"]
[Result "1-0"]
[WhiteTitle "GM"]
[BlackTitle "WIM"]
[WhiteElo "2598"]
[BlackElo "2120"]
[WhiteFideId "14111330"]
[BlackFideId "4110650"]
[EventDate "2012.05.31"]

1. e4 e5 2. Nf3 Nc6 3. Bb5 a6 4. Bxc6 dxc6 5. O-O f6 6. d4 Bg4 7. c3 Bd6 8. Nbd2
Nh6 9. Nc4 Nf7 10. Ne3 Be6 11. c4 c5 12. d5 Bd7 13. Ne1 Qe7 14. Nd3 O-O 15. Bd2
Ng5 16. f3 Qe8 17. b4 Qe7 18. Qb3 Kh8 19. bxc5 Bxc5 20. Nxc5 Qxc5 21. Bb4 Qa7
22. Bxf8 Rxf8 23. c5 Qxc5 24. Rac1 Qd4 25. Rfd1 Qa7 26. Rxc7 Ba4 27. Qa3 Rg8 28.
Rb1 Be8 29. Rbxb7 Qd4 30. Qc3 Qa4 31. h4 Nxe4 32. fxe4 Qxe4 33. Rc4 Qg6 34. Rg4
Qh5 35. d6 Bg6 36. d7 f5 37. Qc8 fxg4 38. d8=Q Be8 39. Qg5 1-0

[Event "Women's World Rapid Championship 2012"]
[Site "Batumi GEO"]
[Date "2012.05.31"]
[Round "2.11"]
[White "Lahno, Kateryna"]
[Black "Cori T., Deysi"]
[Result "1-0"]
[WhiteTitle "GM"]
[BlackTitle "WGM"]
[WhiteElo "2546"]
[BlackElo "2386"]
[WhiteFideId "14109336"]
[BlackFideId "3801934"]
[EventDate "2012.05.31"]

1. e4 e6 2. d4 d5 3. e5 c5 4. c3 Nc6 5. Nf3 Bd7 6. Be2 Nge7 7. O-O Nf5 8. dxc5
Bxc5 9. Bd3 Nh4 10. Nbd2 Ng6 11. Nb3 Bb6 12. Re1 Bc7 13. Bg5 Qb8 14. Nc5 Ngxe5
15. Nxe5 Bxe5 16. Nxd7 Kxd7 17. c4 d4 18. Qh5 g6 19. Qf3 f5 20. c5 h6 21. Bd2
Bxh2+ 22. Kh1 Bc7 23. Bc4 Ne5 24. Qf4 Ke7 25. Qxd4 Rd8 26. Qc3 Qc8 27. Bf4 Nxc4
28. Qg7+ Ke8 29. Bxc7 Rd5 30. Qxg6+ Ke7 31. Qg7+ Ke8 32. Rad1 Qd7 33. Qg8+ Ke7
34. Bd6+ Nxd6 35. cxd6+ Qxd6 36. Qg7+ Kd8 37. Rxd5 Qxd5 38. Qf8+ Kc7 39. Qxa8
Qd2 40. Rf1 Kb6 41. Qh8 1-0

[Event "Women's World Rapid Championship 2012"]
[Site "Batumi GEO"]
[Date "2012.05.31"]
[Round "2.12"]
[White "Harika, Dronavalli"]
[Black "Kovalevskaya, Ekaterina"]
[Result "1/2-1/2"]
[WhiteTitle "GM"]
[BlackTitle "IM"]
[WhiteElo "2508"]
[BlackElo "2417"]
[WhiteFideId "5015197"]
[BlackFideId "4116704"]
[EventDate "2012.05.31"]

1. c4 e5 2. g3 Nc6 3. Nc3 f5 4. Bg2 Nf6 5. d3 Bb4 6. Bd2 d6 7. e3 O-O 8. Nge2
Be6 9. Nd5 Bxd2+ 10. Qxd2 Qd7 11. Nec3 Nd8 12. f4 Ne8 13. O-O c6 14. Nb4 Nf6 15.
b3 Qc7 16. Nc2 Nf7 17. Rae1 Rae8 18. Kh1 Bc8 19. e4 fxe4 20. Nxe4 Nxe4 21. dxe4
exf4 22. gxf4 Qe7 23. Nd4 Qh4 24. Nf3 Qh6 25. Qe3 a6 26. Ng5 Nxg5 27. fxg5 Qg6
28. Qg3 h6 29. Rxf8+ Rxf8 30. Rd1 Qxg5 31. Qxg5 hxg5 32. Rxd6 Kf7 33. Kg1 Be6
34. c5 Ke7 35. Rd4 Bc8 36. Rd6 Be6 37. Rd4 Bc8 38. Rd6 Be6 39. Rd4 Bc8 1/2-1/2

[Event "Women's World Rapid Championship 2012"]
[Site "Batumi GEO"]
[Date "2012.05.31"]
[Round "2.13"]
[White "Socko, Monika"]
[Black "Charkhalashvili, Inga"]
[Result "1-0"]
[WhiteTitle "GM"]
[BlackTitle "WGM"]
[WhiteElo "2484"]
[BlackElo "2334"]
[WhiteFideId "1106619"]
[BlackFideId "13601431"]
[EventDate "2012.05.31"]

1. d4 Nf6 2. c4 e6 3. Nc3 d5 4. cxd5 exd5 5. Bg5 c6 6. e3 Be7 7. Qc2 O-O 8. Bd3
h6 9. Bf4 Bd6 10. Bxd6 Qxd6 11. Nf3 Nbd7 12. O-O Re8 13. Rab1 Nf8 14. b4 Bd7 15.
b5 c5 16. dxc5 Qxc5 17. Rfc1 Rac8 18. Qd2 Qd6 19. Ne2 Bg4 20. Ned4 Ne4 21. Qa5
Nc5 22. Bf5 Bxf5 23. Nxf5 Qf6 24. N3d4 b6 25. Qxa7 Ra8 26. Qc7 Rxa2 27. Qc6 Nfd7
28. Qxd5 Rea8 29. Qd6 Qxd6 30. Nxd6 Nd3 31. Rf1 N7e5 32. h3 Rd8 33. N6f5 Nc4 34.
Ra1 Rda8 35. Rxa2 Rxa2 36. Ne7+ Kh7 37. Nd5 Rb2 38. Nc3 Nd2 39. Ra1 Nxf2 40. Na4
Nd3 41. Nxb2 Nxb2 42. Ra7 Kg6 43. Nf3 Ndc4 44. Rc7 Kf6 45. Rc6+ Ke7 46. Ne1 Nxe3
47. Rxb6 Nd5 48. Rc6 Na4 49. Nf3 Nab6 50. Ne5 f6 51. Nc4 Na4 52. b6 Nb4 53. Rc7+
Ke6 54. b7 Kd5 1-0

[Event "Women's World Rapid Championship 2012"]
[Site "Batumi GEO"]
[Date "2012.05.31"]
[Round "2.15"]
[White "Gvetadze, Sofio"]
[Black "Zhukova, Natalia"]
[Result "1-0"]
[WhiteTitle "IM"]
[BlackTitle "GM"]
[WhiteElo "2338"]
[BlackElo "2442"]
[WhiteFideId "13601440"]
[BlackFideId "14101513"]
[EventDate "2012.05.31"]

1. e4 e6 2. d4 d5 3. exd5 exd5 4. Nf3 Nf6 5. Bd3 c5 6. O-O c4 7. Re1+ Be7 8. Bf1
O-O 9. b3 cxb3 10. axb3 Nc6 11. Ne5 Nxe5 12. dxe5 Ne4 13. Ba3 Bxa3 14. Nxa3 Qb6
15. Re3 Be6 16. Nb5 f6 17. Qd4 Rac8 18. Qxb6 axb6 19. f3 Nc5 20. Nd4 fxe5 21.
Rxe5 Bf7 22. Bb5 Ra8 23. Rae1 g6 24. Re7 Ra2 25. b4 Na6 26. c3 Rb2 27. Rxb7 Nxb4
28. cxb4 Rxb4 29. Rd1 Ra8 30. Bf1 Ra2 31. Nc6 Rbb2 32. Re1 d4 33. Nd8 d3 34.
Rxf7 1-0

[Event "Women's World Rapid Championship 2012"]
[Site "Batumi GEO"]
[Date "2012.05.31"]
[Round "2.16"]
[White "Khotenashvili, Bela"]
[Black "Arabidze, Meri"]
[Result "1-0"]
[WhiteTitle "IM"]
[BlackTitle "WIM"]
[WhiteElo "2500"]
[BlackElo "2351"]
[WhiteFideId "13602640"]
[BlackFideId "13604040"]
[EventDate "2012.05.31"]

1. Nf3 c5 2. g3 b6 3. Bg2 Bb7 4. O-O Nf6 5. d3 d5 6. Nbd2 g6 7. e4 dxe4 8. dxe4
Qc8 9. e5 Ne4 10. Nxe4 Bxe4 11. Re1 Bc6 12. e6 f6 13. h4 Bg7 14. h5 g5 15. h6
Bxh6 16. Nxg5 Bxg5 17. Qh5+ Kd8 18. Bxg5 fxg5 19. Rad1+ Kc7 20. Qxg5 Kb7 21.
Qxe7+ Qc7 22. Qf6 Re8 23. Bf1 Re7 24. Qh4 Na6 25. Qc4 b5 26. Qg4 h5 27. Qh4 Rg8
28. Bh3 Nb4 29. c3 Nd5 30. Bg2 Rd8 31. Qg5 Nb6 32. Bxc6+ Kxc6 33. Qxh5 Rxd1 34.
Qxd1 Qd6 35. Qf3+ Kc7 36. Qf5 Nc4 37. b3 Na5 38. b4 Nb7 39. a3 a6 40. Re5 c4 41.
Kg2 Nd8 42. Rc5+ Kb8 43. Rd5 Qc6 44. f3 Nxe6 45. Qe5+ Qc7 46. Rd6 Kc8 47. Qd5
Kb8 48. Rxe6 Rxe6 49. Qxe6 Qd8 50. Qe5+ Ka8 51. g4 Qd2+ 52. Kg3 Qc1 53. g5 Qg1+
54. Kf4 Qh2+ 55. Kf5 Qh3+ 56. Kg6 Ka7 57. f4 Qd3+ 58. f5 Qd7 59. f6 1-0

[Event "Women's World Rapid Championship 2012"]
[Site "Batumi GEO"]
[Date "2012.05.31"]
[Round "2.17"]
[White "Guo, Qi"]
[Black "Kosintseva, Tatiana"]
[Result "1-0"]
[WhiteTitle "WGM"]
[BlackTitle "GM"]
[WhiteElo "2360"]
[BlackElo "2532"]
[WhiteFideId "8604002"]
[BlackFideId "4133471"]
[EventDate "2012.05.31"]

1. d4 Nf6 2. c4 e6 3. Nf3 d5 4. Nc3 Bb4 5. cxd5 exd5 6. Bg5 Nbd7 7. Rc1 h6 8.
Bf4 c6 9. e3 Qa5 10. Qb3 Nh5 11. Bg3 Nxg3 12. hxg3 Nf6 13. Bd3 O-O 14. O-O Bd6
15. Nh4 Re8 16. Qc2 Qd8 17. Rb1 Qe7 18. Nf5 Bxf5 19. Bxf5 g6 20. Bd3 h5 21. Rbe1
Ne4 22. Bxe4 dxe4 23. f4 exf3 24. Rxf3 h4 25. gxh4 Qxh4 26. Qf2 Qxf2+ 27. Kxf2
Kg7 28. Ke2 Rad8 29. Ref1 Rd7 30. Kd3 c5 31. Kc2 cxd4 32. exd4 f5 33. Kb3 Bc7
34. Rd3 Ba5 35. g4 fxg4 36. Rf4 Re6 37. Rxg4 Rf7 38. Rg2 Rf5 39. Rh3 Bb6 40. d5
Re3 41. Rxe3 Bxe3 42. Re2 Bd4 43. Rd2 Bxc3 44. bxc3 Kf7 45. c4 b6 46. Kb4 Ke7
47. a4 Kd6 48. Re2 Rg5 49. Re6+ Kd7 50. Rf6 Rg1 51. Rf7+ Kd6 52. Rxa7 Rb1+ 53.
Kc3 Rc1+ 54. Kb3 Rb1+ 55. Kc2 Ra1 56. Kb2 Rg1 57. a5 bxa5 58. Rxa5 g5 59. Kc3
Ke5 60. Ra2 Rc1+ 61. Kd3 Rd1+ 62. Rd2 Rc1 63. Re2+ Kd6 64. Re6+ Kc5 65. Rc6+ Kb4
66. Ke3 Rd1 67. Kf3 Rd4 68. Kg3 Kc3 69. d6 Kb4 70. c5 Kb5 71. Rc7 g4 72. d7 1-0

[Event "Women's World Rapid Championship 2012"]
[Site "Batumi GEO"]
[Date "2012.05.31"]
[Round "2.18"]
[White "Paehtz, Elisabeth"]
[Black "Ding, Yixin"]
[Result "1-0"]
[WhiteTitle "IM"]
[BlackTitle "WGM"]
[WhiteElo "2491"]
[BlackElo "2353"]
[WhiteFideId "4641833"]
[BlackFideId "8602972"]
[EventDate "2012.05.31"]

1. e4 c5 2. Nf3 d6 3. d4 cxd4 4. Nxd4 Nf6 5. Nc3 a6 6. Bg5 e6 7. f4 Be7 8. Qf3
h6 9. Bh4 g5 10. fxg5 Nfd7 11. Bd3 hxg5 12. Bg3 Ne5 13. Qe2 b5 14. a4 b4 15. Na2
Qb6 16. Bf2 Qb7 17. Nc1 Nbd7 18. Ncb3 Nf6 19. Nf3 Nxf3+ 20. gxf3 e5 21. Na5 Qc7
22. Nc4 Be6 23. Nb6 Rb8 24. a5 g4 25. fxg4 Bxg4 26. Qe3 Qc6 27. Bg3 Bf5 28. Rf1
Bxe4 29. Bxa6 Qxc2 30. Bb5+ Kf8 31. Rf2 Qc7 32. Rxf6 Bxf6 33. Qxe4 Kg8 34. Qc6
Qa7 35. Qxd6 Kg7 36. Qd7 Qxd7 37. Bxd7 Bh4 38. Kf2 Bxg3+ 39. Kxg3 Rbg8 40. h3
Kf6+ 41. Kf3 Ke7 42. Bg4 Rd8 43. Ke4 Rd2 44. a6 Rxb2 45. a7 Rc2 46. Nc8+ Rhxc8
47. Bxc8 Rxc8 48. a8=Q 1-0

[Event "Women's World Rapid Championship 2012"]
[Site "Batumi GEO"]
[Date "2012.05.31"]
[Round "2.19"]
[White "Matnadze, Ana"]
[Black "Purtseladze, Maka"]
[Result "1-0"]
[WhiteTitle "IM"]
[BlackTitle "IM"]
[WhiteElo "2446"]
[BlackElo "2348"]
[WhiteFideId "13601377"]
[BlackFideId "13602659"]
[EventDate "2012.05.31"]

1. d4 Nf6 2. g3 e6 3. c4 Bb4+ 4. Bd2 Bxd2+ 5. Nxd2 d6 6. Bg2 O-O 7. e4 e5 8. Ne2
Nc6 9. d5 Ne7 10. O-O Ng6 11. b4 a5 12. a3 b6 13. Qc2 h6 14. c5 Ba6 15. Nc4 Bxc4
16. Qxc4 bxc5 17. bxc5 Nd7 18. c6 Nc5 19. Rab1 f5 20. exf5 Rxf5 21. Rb5 Kh8 22.
Qc3 a4 23. Qc2 Ne7 24. Nc3 Nb3 25. Rb4 Qf8 26. Be4 Rf6 27. Qb2 Nc5 28. Bc2 Nf5
29. Ne4 Nxe4 30. Bxe4 Nd4 31. Rb1 Nb3 32. Qe2 g6 33. Rb2 Qf7 34. Qe3 Kg7 35. h4
Nc5 36. Bg2 e4 37. Rb7 Nxb7 38. cxb7 Rb8 39. Bxe4 Qe7 40. Rb4 Qe5 41. Kg2 Rf7
42. f4 Qa1 43. Bc2 Qf6 44. Bxa4 Re7 45. Qd3 g5 46. fxg5 hxg5 47. Rg4 Re5 48. Bc6
Kh6 49. hxg5+ Rxg5 50. Rh4+ Rh5 51. Qe3+ Kg6 52. Be8+ Kg7 53. Bxh5 Rxb7 54. Rg4+
Kh7 55. Bg6+ Kg7 56. Bf5+ Kf7 57. Be6+ Ke7 58. Bc8+ 1-0

[Event "Women's World Rapid Championship 2012"]
[Site "Batumi GEO"]
[Date "2012.05.31"]
[Round "2.21"]
[White "Gurieli, Nino"]
[Black "Tan, Zhongyi"]
[Result "0-1"]
[WhiteTitle "IM"]
[BlackTitle "WGM"]
[WhiteElo "2329"]
[BlackElo "2430"]
[WhiteFideId "13600222"]
[BlackFideId "8603642"]
[EventDate "2012.05.31"]

1. Nf3 Nf6 2. g3 g6 3. Bg2 Bg7 4. O-O O-O 5. c4 d6 6. d4 Nc6 7. Nc3 a6 8. b3 Rb8
9. Bb2 b5 10. cxb5 axb5 11. Rc1 Bd7 12. d5 Na5 13. Nd4 e5 14. Nc6 Nxc6 15. dxc6
Be6 16. e4 Qc8 17. Qd3 Bh6 18. f4 Qa6 19. Kh1 Qb6 20. Rc2 Bg7 21. f5 gxf5 22.
exf5 Bc8 23. Nd5 Nxd5 24. Bxd5 b4 25. f6 Bh6 26. Qe4 Qe3 27. Qg2 Ba6 28. Bc4
Bxc4 29. Rxc4 Qd2 30. Rh4 Qxg2+ 31. Kxg2 Bd2 32. Rf5 Kh8 33. Kf3 Rb5 34. g4 h6
35. Ke2 Rd5 36. g5 Bf4 37. Rhxf4 Ra8 38. g6 fxg6 39. f7 gxf5 40. Rxf5 Kg7 41.
Bc1 Rf8 42. Rf3 Rxf7 43. Bxh6+ Kg6 44. Rh3 Rh7 45. Ke1 0-1

[Event "Women's World Rapid Championship 2012"]
[Site "Batumi GEO"]
[Date "2012.05.31"]
[Round "3.1"]
[White "Cramling, Pia"]
[Black "Zhao, Xue"]
[Result "1-0"]
[WhiteTitle "GM"]
[BlackTitle "GM"]
[WhiteElo "2478"]
[BlackElo "2549"]
[WhiteFideId "1700030"]
[BlackFideId "8601283"]
[EventDate "2012.05.31"]

1. d4 Nf6 2. Nf3 e6 3. c4 b6 4. g3 Ba6 5. Nbd2 Bb4 6. Qc2 Bb7 7. Bg2 c5 8. dxc5
Bxc5 9. O-O Be7 10. b3 d6 11. Bb2 Nbd7 12. Rac1 Rc8 13. Qb1 Qc7 14. Rfe1 O-O 15.
h3 Qb8 16. e4 e5 17. Nf1 Nc5 18. N3d2 Nfd7 19. h4 a6 20. Ne3 Rfe8 21. Nd5 Bf8
22. Nf1 b5 23. Nfe3 Ba8 24. b4 Na4 25. Bh3 Rcd8 26. cxb5 axb5 27. Nc7 Nxb2 28.
Qxb2 Re7 29. Nf5 Re6 30. Nxe6 fxe6 31. Ne3 Re8 32. Qb3 Kf7 33. Nd5 g6 34. Nc7
Nc5 35. Qf3+ 1-0

[Event "Women's World Rapid Championship 2012"]
[Site "Batumi GEO"]
[Date "2012.05.31"]
[Round "3.3"]
[White "Koneru, Humpy"]
[Black "Wang, Jue"]
[Result "1-0"]
[WhiteTitle "GM"]
[WhiteElo "2589"]
[BlackElo "2364"]
[WhiteFideId "5008123"]
[BlackFideId "8604070"]
[EventDate "2012.05.31"]

1. d4 g6 2. g3 Bg7 3. Bg2 d6 4. c4 Nf6 5. Nc3 O-O 6. Nf3 Nc6 7. O-O a6 8. Qc2
Bf5 9. e4 Bg4 10. Be3 Nd7 11. Ne2 e5 12. d5 Ne7 13. Ne1 Bxe2 14. Qxe2 f5 15. f3
a5 16. Nd3 b6 17. Rae1 Nc5 18. Bxc5 bxc5 19. f4 Rb8 20. fxe5 Bxe5 21. Nxe5 dxe5
22. exf5 Nxf5 23. Qxe5 Qd6 24. b3 a4 25. Bh3 axb3 26. axb3 Rxb3 27. Bxf5 Qxe5
28. Rxe5 gxf5 29. Rfxf5 Rxf5 30. Rxf5 Rc3 31. Rf4 Rc2 32. Rh4 Kg7 33. Kf1 Ra2
34. Rg4+ Kf6 35. Rf4+ Ke5 36. Rh4 h5 37. Ke1 Rc2 38. Kd1 Rg2 39. Rxh5+ Kd4 40.
Rh4+ Kd3 41. Ke1 Rc2 42. h3 Rh2 43. Kf1 Ke3 44. Kg1 Rd2 45. Rf4 Rd4 46. h4 Rd1+
47. Kg2 Rd2+ 48. Kh3 Rd4 49. Kg4 Rd2 50. h5 Rh2 51. Kg5 Rh3 52. g4 Rh1 53. h6
Kd3 54. Kg6 Ke3 55. Rf5 Ke4 56. Rh5 Rg1 57. g5 1-0

[Event "Women's World Rapid Championship 2012"]
[Site "Batumi GEO"]
[Date "2012.05.31"]
[Round "3.9"]
[White "Javakhishvili, Lela"]
[Black "Socko, Monika"]
[Result "1/2-1/2"]
[WhiteTitle "IM"]
[BlackTitle "GM"]
[WhiteElo "2449"]
[BlackElo "2484"]
[WhiteFideId "13601458"]
[BlackFideId "1106619"]
[EventDate "2012.05.31"]

1. Nf3 Nf6 2. c4 g6 3. d4 Bg7 4. g3 O-O 5. Bg2 d6 6. O-O Nc6 7. Nc3 Bg4 8. d5
Na5 9. b3 c5 10. Bb2 a6 11. Nd2 Rb8 12. Qc2 b5 13. Rae1 bxc4 14. bxc4 Rb4 15.
Ba3 Rb7 16. e4 Rb8 17. f4 Bd7 18. h3 Nh5 19. Kh2 e5 20. dxe6 Bxe6 21. Nd5 Nc6
22. Nf3 Qa5 23. Bc1 Bxd5 24. cxd5 Nb4 25. Qe2 Rfe8 26. e5 Qxa2 27. Qxa2 Nxa2 28.
exd6 Red8 29. Be3 Rxd6 30. Ne5 Rb5 31. Ra1 Nb4 32. Rfc1 Nxd5 33. Bxc5 Rd8 34.
Rxa6 Rb2 35. Bd4 Rd2 36. Bc3 Nxc3 37. Rxc3 Re2 38. Rd3 Rb8 39. Nc4 Bf8 40. Rd2
Rxd2 41. Nxd2 Rb2 42. Ne4 h6 43. Nf6+ Nxf6 44. Rxf6 Bc5 45. Rc6 Bf2 46. Rc3 Kg7
47. g4 Bd4 48. Rf3 g5 49. fxg5 hxg5 50. Rf1 Be5+ 51. Kh1 Bf4 52. Re1 Kf6 53. Kg1
Rb3 54. Kf1 Bg3 55. Rd1 Rb2 56. Kg1 Bf4 1/2-1/2

[Event "Women's World Rapid Championship 2012"]
[Site "Batumi GEO"]
[Date "2012.05.31"]
[Round "3.10"]
[White "Arakhamia-Grant, Ketevan"]
[Black "Harika, Dronavalli"]
[Result "1/2-1/2"]
[WhiteTitle "GM"]
[BlackTitle "GM"]
[WhiteElo "2426"]
[BlackElo "2508"]
[WhiteFideId "13600168"]
[BlackFideId "5015197"]
[EventDate "2012.05.31"]

1. e4 e5 2. Nf3 Nc6 3. Bc4 Bc5 4. O-O Nf6 5. d3 O-O 6. c3 d5 7. exd5 Nxd5 8.
Nbd2 Nb6 9. Bb5 Bd6 10. Ne4 Bg4 11. h3 Bh5 12. Ng3 Bg6 13. Re1 Re8 14. Bg5 Qd7
15. Nh4 a6 16. Bxc6 Qxc6 17. Nxg6 hxg6 18. Ne4 Bf8 19. Qb3 Qb5 20. Rad1 Qxb3 21.
axb3 c5 22. Be3 Nd7 23. f4 Rad8 24. fxe5 Rxe5 25. Bf4 Re6 26. Ng5 Rxe1+ 27. Rxe1
Nf6 28. Rd1 Nd5 29. Bc1 Be7 30. Nf3 Bf6 31. d4 Ne7 32. g4 Nc6 33. g5 Be7 34. d5
Na5 35. Bf4 Bd6 36. Bxd6 Rxd6 37. Ne5 Nxb3 38. Nc4 Rd8 39. d6 f6 40. Nb6 Na5 41.
d7 Nc6 42. Rd5 Kf7 43. Rxc5 Ke7 44. Kg2 Kd6 45. b4 Kc7 46. Nd5+ Kxd7 47. gxf6
gxf6 48. Nxf6+ Kc7 49. Ne4 Re8 50. Ng5 b6 51. Rc4 b5 52. Rc5 Kb6 53. Rd5 Kc7 54.
Rd3 Re1 55. Nf3 Re2+ 56. Kg3 Ne5 57. Nxe5 Rxe5 58. Kg4 Kc6 59. h4 Re1 60. Kg5
Rg1+ 61. Kf6 Rg4 62. Kf7 Rxh4 63. Kxg6 Rf4 64. Kg5 Rf1 65. Kg4 Kc7 66. Rf3 Re1
67. Kf4 Kc6 68. Rd3 Re8 69. Rd4 Re6 70. Rd3 Kb6 71. Re3 Rd6 72. Ke5 Rd1 73. Rh3
Re1+ 74. Kd4 Rd1+ 75. Ke4 Re1+ 1/2-1/2

[Event "Women's World Rapid Championship 2012"]
[Site "Batumi GEO"]
[Date "2012.05.31"]
[Round "3.13"]
[White "Lomineishvili, Maia"]
[Black "Paehtz, Elisabeth"]
[Result "0-1"]
[WhiteTitle "IM"]
[BlackTitle "IM"]
[WhiteElo "2366"]
[BlackElo "2491"]
[WhiteFideId "13600656"]
[BlackFideId "4641833"]
[EventDate "2012.05.31"]

1. d4 g6 2. e4 Bg7 3. Nc3 d6 4. Be3 a6 5. Qd2 Nd7 6. f4 b5 7. Nf3 Bb7 8. a3 Ngf6
9. Bd3 c5 10. d5 Qc7 11. O-O Ng4 12. Rae1 c4 13. Be2 Nxe3 14. Qxe3 Qb6 15. Bd1
Qxe3+ 16. Rxe3 Nb6 17. b4 f5 18. e5 dxe5 19. Nxe5 Nxd5 20. Nxd5 Bxd5 21. Bf3
Bxf3 22. Nxf3 Bf6 23. Ne5 Rd8 24. Rfe1 Rd6 25. a4 O-O 26. a5 Rfd8 27. h3 Rd2 28.
Nc6 R8d7 29. Nxe7+ Kf7 30. Nc6 Rxc2 31. g4 Rc3 32. gxf5 Rxe3 33. fxg6+ Kxg6 34.
Rxe3 Kf5 35. Re2 Rd6 36. Ne5 Kxf4 37. Ng4 Bd4+ 38. Kg2 h5 39. Nf2 Rg6+ 40. Kf1
Kf3 41. Re8 Bxf2 42. Rf8+ Ke3 43. Rxf2 c3 44. Rf8 c2 45. Rc8 Kd2 46. Rd8+ Kc1 0-1

[Event "Women's World Rapid Championship 2012"]
[Site "Batumi GEO"]
[Date "2012.05.31"]
[Round "3.14"]
[White "Danielian, Elina"]
[Black "Guo, Qi"]
[Result "0-1"]
[WhiteTitle "GM"]
[BlackTitle "WGM"]
[WhiteElo "2484"]
[BlackElo "2360"]
[WhiteFideId "13300210"]
[BlackFideId "8604002"]
[EventDate "2012.05.31"]

1. d4 d5 2. Bf4 c5 3. dxc5 Nc6 4. e3 e5 5. Bg3 Bxc5 6. Nf3 f6 7. c4 d4 8. exd4
Nxd4 9. Nxd4 Bxd4 10. Nc3 Bxc3+ 11. bxc3 Qa5 12. Qb3 Ne7 13. Be2 O-O 14. O-O Qc7
15. c5+ Kh8 16. Qc4 Bf5 17. f3 Rac8 18. Bf2 b6 19. Rfd1 bxc5 20. Rd2 Qc6 21.
Rad1 Be6 22. Qa6 Qxa6 23. Bxa6 Rc7 24. Rd6 Bxa2 25. Rd7 Rxd7 26. Rxd7 Nd5 27.
Bxc5 Rb8 28. Bxa7 Rb1+ 29. Kf2 g6 30. c4 Rb2+ 31. Ke1 Nb4 32. Bb5 Nc2+ 33. Kd1
Na3 34. Be3 Nxb5 35. cxb5 Rxb5 36. Kc2 g5 37. Ra7 Be6 38. Bd2 Kg8 39. Kd3 Bf5+
40. Ke2 Rb2 41. Ke3 h5 42. g3 Be6 43. h4 gxh4 44. gxh4 Bf7 45. Bc3 Rh2 46. Be1
Kg7 47. f4 Rh3+ 48. Ke4 Rh1 49. Bg3 Rg1 50. fxe5 0-1

[Event "Women's World Rapid Championship 2012"]
[Site "Batumi GEO"]
[Date "2012.05.31"]
[Round "3.16"]
[White "Bezgodova, Svetlana"]
[Black "Pogonina, Natalija"]
[Result "1/2-1/2"]
[WhiteTitle "WIM"]
[BlackTitle "WGM"]
[WhiteElo "2120"]
[BlackElo "2447"]
[WhiteFideId "4110650"]
[BlackFideId "4147855"]
[EventDate "2012.05.31"]

1. Nf3 c5 2. e4 d6 3. c3 Nf6 4. d3 g6 5. Be2 Bg7 6. O-O O-O 7. Nbd2 Nc6 8. Re1
b6 9. Nf1 Bb7 10. Ng3 e5 11. h4 h5 12. a3 Qd7 13. b4 a6 14. Bb2 Rfe8 15. Qb3
Rab8 16. Rad1 d5 17. exd5 Nxd5 18. bxc5 bxc5 19. Ne4 Nf4 20. Qc2 Na5 21. Bc1 Qc7
22. Bf1 Bd5 23. c4 Ba8 24. Be3 Ne6 25. Rb1 Bxe4 26. dxe4 Nc6 27. Qa4 Ned4 28.
Nd2 Qa5 29. Qxa5 Nxa5 30. Rxb8 Rxb8 31. Rb1 Rxb1 32. Nxb1 Kh7 33. Bd3 Bh6 34.
Nc3 Bxe3 35. fxe3 Ne6 36. Kf2 Kg7 37. Kf3 Nb7 38. Ke2 Kf8 39. Kd2 Ke7 40. Kc2
Na5 41. Nd5+ Kd6 42. Kc3 Nc7 43. Nb6 Ne8 44. Nd5 Kc6 45. Bc2 Nd6 46. Bd3 Kb7 47.
Nf6 Kc7 48. g3 Kd8 49. Nd5 Kd7 1/2-1/2

[Event "Women's World Rapid Championship 2012"]
[Site "Batumi GEO"]
[Date "2012.05.31"]
[Round "3.17"]
[White "Mammadova, Gulnar"]
[Black "Matnadze, Ana"]
[Result "1/2-1/2"]
[WhiteTitle "WIM"]
[BlackTitle "IM"]
[WhiteElo "2345"]
[BlackElo "2446"]
[WhiteFideId "13403508"]
[BlackFideId "13601377"]
[EventDate "2012.05.31"]

1. e4 e5 2. Nf3 Nc6 3. d4 exd4 4. Nxd4 g6 5. Nc3 Bg7 6. Be3 Nge7 7. Bc4 O-O 8.
O-O Ne5 9. Be2 d5 10. f4 Nc4 11. Bxc4 dxc4 12. f5 Nc6 13. Nd5 Re8 14. f6 Bf8 15.
Nb5 Rxe4 16. Nbxc7 Bg4 17. Qd2 Rc8 18. h3 Rxc7 19. Nxc7 Qxc7 20. hxg4 Qe5 21.
Rae1 Rxg4 22. Bxa7 Qh5 23. Bf2 Ne5 24. Qd5 Bd6 25. Bg3 Rxg3 26. Qxd6 Rxg2+ 27.
Kxg2 Qg4+ 28. Kh1 Qh3+ 29. Kg1 Qg3+ 30. Kh1 Qh3+ 31. Kg1 Qg3+ 32. Kh1 Qh3+ 1/2-1/2

[Event "Women's World Rapid Championship 2012"]
[Site "Batumi GEO"]
[Date "2012.05.31"]
[Round "3.18"]
[White "Tan, Zhongyi"]
[Black "Klinova, Masha"]
[Result "1-0"]
[WhiteTitle "WGM"]
[BlackTitle "IM"]
[WhiteElo "2430"]
[BlackElo "2318"]
[WhiteFideId "8603642"]
[BlackFideId "2802015"]
[EventDate "2012.05.31"]

1. d4 d6 2. c4 e5 3. Nf3 e4 4. Ng5 f5 5. g3 Be7 6. Nh3 Nf6 7. Bg2 O-O 8. O-O c6
9. d5 Nbd7 10. Nc3 Ne5 11. b3 Bd7 12. Bb2 Be8 13. Kh1 Bf7 14. f3 cxd5 15. Nxd5
Nxd5 16. cxd5 exf3 17. exf3 Bf6 18. Qd2 Re8 19. Nf2 Nd7 20. f4 Bxb2 21. Qxb2 Nf6
22. Rad1 Qa5 23. Qc2 Rac8 24. Qxf5 Qxa2 25. Rde1 Bg6 26. Qh3 Qxb3 27. Ng4 Qc3
28. Re6 Nxg4 29. Qxg4 Rcd8 30. f5 Bf7 31. f6 Bg6 32. Qxg6 hxg6 33. f7+ Kh7 34.
Rxe8 Qc8 35. Rxd8 1-0